| 000 | 01166nam a2200301Ia 4500 | ||
|---|---|---|---|
| 001 | ebr10309172 | ||
| 003 | CaPaEBR | ||
| 006 | m u | ||
| 007 | cr cn||||||||| | ||
| 008 | 090331s2009 dcu s 000 0 eng d | ||
| 010 | _z 2009013401 | ||
| 020 | _z9780821378915 | ||
| 020 | _z9780821379110 (electronic) | ||
| 040 |
_aCaPaEBR _cCaPaEBR |
||
| 035 | _a(OCoLC)463190752 | ||
| 050 | 1 | 4 |
_aHD75 _b.M666 2009eb |
| 100 | 1 | _aMorra, Linda G. | |
| 245 | 1 | 4 |
_aThe road to results _h[electronic resource] : _bdesigning and conducting effective development evaluations / _cLinda G. Morra-Imas, Ray C. Rist. |
| 260 |
_aWashington, D.C. : _bWorld Bank, _cc2009. |
||
| 300 | _axxii, 582 p. | ||
| 533 |
_aElectronic reproduction. _bPalo Alto, Calif. : _cebrary, _d2009. _nAvailable via World Wide Web. _nAccess may be limited to ebrary affiliated libraries. |
||
| 650 | 0 |
_aEconomic development _xEvaluation. |
|
| 650 | 0 | _aEconomics. | |
| 655 | 7 |
_aElectronic books. _2local |
|
| 700 | 1 | _aRist, Ray C. | |
| 710 | 2 | _aebrary, Inc. | |
| 856 | 4 | 0 |
_uhttp://site.ebrary.com/lib/rucke/Doc?id=10309172 _zAn electronic book accessible through the World Wide Web; click to view |
| 999 |
_c61186 _d61186 |
||